Všeobecná geologie. 1. část

Bibliographic Details
Main Author: Foldyna, Jan (Author)
Format: Book
Language:Undetermined
PhysicalDescription:169 s.
Published: Ostrava VŠ báňská 1982

MARC

LEADER 00000nam a2200000 a 4500
001 vtls001307620
003 SK-MaSNL
005 20260302070135.0
008 240314s1982 xx 0 und
035 |a SNK000259906 
040 |a SNK  |b slo  |c SNK  |e AACR2 
100 1 |a Foldyna, Jan  |4 aut  |9 473906 
245 1 0 |a Všeobecná geologie. 1. část 
260 |a Ostrava  |b VŠ báňská  |c 1982 
300 |a 169 s. 
958 |a OND 
999 |c 1145708  |d 1147638 
952 |t P60, <04>, [BOOK], {604}  |a SNK  |b SNK  |y VYP  |7 0  |p 17A0104675  |o snkIB 49693/1 D1  |0 0  |1 1  |4 0  |d 1997-10-24  |l 0  |r 2005-01-02 00:00:00  |w 2026-02-24